Text Book Of Remote Sensing And Geographical Information Systems (Record no. 329647)

MARC details
000 -LEADER
fixed length control field 00492nam a2200181Ia 4500
008 - FIXED-LENGTH DATA ELEMENTS--GENERAL INFORMATION
fixed length control field 230718s9999 xx 000 0 und d
020 ## - INTERNATIONAL STANDARD BOOK NUMBER
International Standard Book Number 9788178001128
041 ## - LANGUAGE CODE
Language code of text/sound track or separate title eng
082 ## - DEWEY DECIMAL CLASSIFICATION NUMBER
Classification number 910.285
Item number RED
100 ## - MAIN ENTRY--PERSONAL NAME
Personal name Reddy M.A.
245 ## - TITLE STATEMENT
Title Text Book Of Remote Sensing And Geographical Information Systems
250 ## - EDITION STATEMENT
Edition statement 3rd ed.
260 ## - PUBLICATION, DISTRIBUTION, ETC. (IMPRINT)
Name of publisher, distributor, etc. BS Publications
300 ## - PHYSICAL DESCRIPTION
Extent 453
365 ## - TRADE PRICE
Currency code Rs.
Price amount 450.00
700 ## - ADDED ENTRY--PERSONAL NAME
Personal name Reddy M.A.
906 ## - LOCAL DATA ELEMENT F, LDF (RLIN)
d O:0247824-Jan-2012B:1048431-Dec-2011
c IT
b 337.5
Holdings
Withdrawn status Lost status Damaged status Not for loan Home library Current library Date acquired Vendor Budget Code Cost, normal purchase price Bill number Total Checkouts Full call number Barcode Date last seen Discount Cost, replacement price Bill Date Koha item type Original Barcode
        Cummins College of Engineering for Women Pune Cummins College of Engineering for Women Pune 16/01/2012 Technical Book Services IT 337.50 10484   910.285 CCEP-BK-40854 18/07/2023 337.5 450.00 31/12/2011 Books 040854